| 000 | 01061cam a22002894a 4500 | ||
|---|---|---|---|
| 999 |
_c3368 _d3368 |
||
| 001 | 12187209 | ||
| 003 | OSt | ||
| 005 | 20210310120818.0 | ||
| 008 | 000927s2001 dcua b 001 0 eng | ||
| 010 | _a 00049791 | ||
| 020 | _a0821346644 | ||
| 040 |
_aDLC _cDLC _dDLC |
||
| 042 | _apcc | ||
| 043 | _af-ug--- | ||
| 050 | 0 | 0 |
_aHC870 _b.U45 2001 |
| 082 | 0 | 0 |
_a338.9 UGA 2001 _221 |
| 100 |
_aEditted by Reinikka, Ritva; Collier, Paul. _913938 |
||
| 245 | 0 | 0 |
_aUganda's Recovery: _bthe role of farms, firms, and government |
| 260 |
_aWashington, D.C. : _bWorld Bank, _c2001. |
||
| 300 |
_axv, 491 p. : _b1 map ; _c24 cm. |
||
| 440 | 0 |
_aWorld Bank regional and sectoral studies _97543 |
|
| 504 | _aIncludes bibliographical references and index. | ||
| 650 |
_aEconomic development _9521 |
||
| 906 |
_a7 _bcbc _corignew _d1 _eocip _f20 _gy-gencatlg |
||
| 942 |
_2ddc _cSLOAN |
||